[Event "Senior DM 2018"]
[Site "Hvidovre"]
[Date "2018.02.17"]
[Round "5"]
[White "Lindestrom, Torsten"]
[Black "Lilja, Richard"]
[Result "1-0"]
[WhiteElo "2194"]
[BlackElo "2086"]
[PlyCount "87"]
[EventDate "2018.02.12"]
[EventCountry "DEN"]

1. d4 g6 2. c4 Nf6 3. f3 c5 4. d5 d6 5. Nc3 Na6 6. e4 Bg7 7. Be3 Bd7 8. Qd2 Rb8
9. Bd3 Nc7 10. e5 dxe5 11. Bxc5 b6 12. Be3 O-O 13. Nge2 a6 14. O-O b5 15. b3
Nfe8 16. Rad1 f5 17. Bh6 Nf6 18. Bxg7 Kxg7 19. Qe3 b4 20. Nb1 e6 21. d6 Nce8
22. Qxe5 Qb6+ 23. c5 Qa5 24. Nd4 Rc8 25. Rc1 Kf7 26. Rfe1 Ng7 27. c6 Qxa2 28.
cxd7 Nxd7 29. Qe2 Qa1 30. Nxe6 Rxc1 31. Ng5+ Kg8 32. Rxc1 Ne5 33. Bc4+ Kh8 34.
Rd1 Re8 35. d7 Nxd7 36. Nf7+ Kg8 37. Nd6+ Kf8 38. Nxe8 Nxe8 39. Qe6 Ne5 40. Re1
Nxc4 41. Qxe8+ Kg7 42. Qe7+ Kh6 43. Qh4+ Kg7 44. Qxc4 1-0

[Event "Senior DM 2018"]
[Site "Hvidovre"]
[Date "2018.02.17"]
[Round "5"]
[White "Matras, Ove"]
[Black "Stentebjerg Hansen, Per"]
[Result "0-1"]
[WhiteElo "1781"]
[BlackElo "2261"]
[PlyCount "56"]
[EventDate "2018.02.12"]
[EventCountry "DEN"]

1. e4 c6 2. d4 d5 3. Nc3 g6 4. exd5 cxd5 5. Bd3 Bg7 6. Nge2 Nc6 7. Be3 Nf6 8.
Qd2 a6 9. a3 Bf5 10. f3 Bxd3 11. Qxd3 b5 12. O-O Na5 13. Nd1 Nc4 14. b3 Nxe3
15. Nxe3 O-O 16. c3 Qd6 17. a4 b4 18. c4 Rfd8 19. c5 Qc7 20. a5 e5 21. Nc2 exd4
22. Ra4 Nd7 23. Nxb4 Nxc5 24. Rc1 Nxd3 25. Rxc7 Nxb4 26. Rxb4 d3 27. Nc3 Rac8
28. Rbb7 Bxc3 0-1

[Event "Senior DM 2018"]
[Site "Hvidovre"]
[Date "2018.02.17"]
[Round "5"]
[White "Baliuniene, Margarita"]
[Black "Johansen, Johnny Holler"]
[Result "1-0"]
[WhiteElo "1881"]
[BlackElo "1904"]
[PlyCount "139"]
[EventDate "2018.02.12"]
[EventCountry "DEN"]

1. Nf3 Nf6 2. g3 g6 3. Bg2 Bg7 4. d4 d5 5. O-O O-O 6. c4 c6 7. b3 a6 8. Nbd2 b5
9. Bb2 Bb7 10. Ne5 Nbd7 11. f4 Nxe5 12. dxe5 Qb6+ 13. Kh1 Ng4 14. Nf3 dxc4 15.
Bd4 c5 16. Bg1 cxb3 17. axb3 a5 18. Qc2 Rfc8 19. Rfc1 Qd8 20. h3 Nh6 21. Bxc5
Nf5 22. Kh2 Ne3 23. Qd3 Qxd3 24. exd3 Nxg2 25. Kxg2 Bd5 26. Bxe7 Bxb3 27. Rxc8+
Rxc8 28. Rxa5 Bc2 29. Ne1 Ba4 30. Kf2 Bf8 31. Bxf8 Kxf8 32. Ke3 Rc1 33. Nf3 Ra1
34. Ra8+ Ke7 35. Rb8 Kd7 36. Rb7+ Kc6 37. Rxf7 b4 38. Rf6+ Kc7 39. Rf7+ Kb6 40.
Nd2 b3 41. Kd4 Rc1 42. Nxb3 Bxb3 43. Rxh7 Rc6 44. g4 Be6 45. Rg7 Bc8 46. Ke4
Bb7 47. Kd4 Bc8 48. Re7 Rc1 49. Rf7 Rh1 50. Rf6+ Kc7 51. Rxg6 Rxh3 52. f5 Kd7
53. Rd6+ Ke8 54. Ke4 Bb7+ 55. Kf4 Rf3+ 56. Kg5 Bc8 57. d4 Kf7 58. Rd8 Ba6 59.
Ra8 Be2 60. Ra7+ Ke8 61. Kf6 Kd8 62. e6 Bb5 63. e7+ Kc8 64. Ra8+ Kc7 65. e8=Q
Bxe8 66. Rxe8 Rf4 67. g5 Rxd4 68. g6 Rd6+ 69. Kf7 Rd5 70. f6 1-0

[Event "Senior DM 2018"]
[Site "Hvidovre"]
[Date "2018.02.17"]
[Round "5"]
[White "Schultz Pedersen, Jesper"]
[Black "Hald, Jens Erik Kofoed"]
[Result "1/2-1/2"]
[WhiteElo "2068"]
[BlackElo "1983"]
[PlyCount "40"]
[EventDate "2018.02.12"]
[EventCountry "DEN"]

1. e4 c5 2. b4 cxb4 3. a3 d5 4. exd5 Qxd5 5. Nf3 e5 6. Bb2 Nc6 7. c4 Qe6 8. Bd3
f6 9. O-O Bc5 10. Re1 Nge7 11. axb4 Bxb4 12. Na3 Bd7 13. Qb1 g6 14. Nb5 Rc8 15.
Nxa7 Nxa7 16. Rxa7 Qb6 17. Ra1 Bc5 18. Ba3 Qxb1 19. Rexb1 Bxa3 20. Rxa3 Bc6
1/2-1/2

[Event "Senior DM 2018"]
[Site "Hvidovre"]
[Date "2018.02.17"]
[Round "5"]
[White "Hansen, Lars Henrik Bech"]
[Black "Morkore, Thomas"]
[Result "0-1"]
[WhiteElo "1972"]
[BlackElo "1910"]
[PlyCount "40"]
[EventDate "2018.02.12"]
[EventCountry "DEN"]

1. e4 e5 2. Nf3 Nc6 3. d4 exd4 4. Bc4 Nf6 5. e5 d5 6. Bb5 Ne4 7. Nxd4 Bc5 8.
Be3 O-O 9. Nxc6 bxc6 10. Bxc5 Nxc5 11. Bxc6 Rb8 12. Bxd5 Qe7 13. O-O Qxe5 14.
Re1 Qxb2 15. Qf3 Be6 16. Nc3 Qxc2 17. Qe3 Nd3 18. Bxe6 fxe6 19. Re2 Qxc3 20.
Rd1 Nf4 0-1

[Event "Senior DM 2018"]
[Site "Hvidovre"]
[Date "2018.02.17"]
[Round "5"]
[White "Jorgensen, Orla Eilegaard"]
[Black "Rosenberg, Jan"]
[Result "1-0"]
[WhiteElo "1580"]
[BlackElo "1852"]
[PlyCount "155"]
[EventDate "2018.02.12"]
[EventCountry "DEN"]

1. e4 c5 2. c3 g6 3. Nf3 Bg7 4. d4 cxd4 5. cxd4 d5 6. e5 Nc6 7. Nc3 a6 8. a3
Bg4 9. Be2 e6 10. h3 Bxf3 11. Bxf3 Qb6 12. Ne2 Nge7 13. g4 O-O 14. b4 f6 15.
exf6 Rxf6 16. Bg2 Raf8 17. Be3 Nc8 18. O-O Nd6 19. Rc1 Nc4 20. Rxc4 dxc4 21. d5
Qc7 22. dxc6 b5 23. Qc2 e5 24. Rd1 Rxc6 25. Bd5+ Kh8 26. Bxc6 Qxc6 27. Ng3 Qf3
28. Rd6 Re8 29. Qd2 c3 30. Qd3 e4 31. Qe2 Rc8 32. Bc5 Be5 33. Qxf3 exf3 34. Rd1
Kg7 35. Ne4 a5 36. Rc1 Rd8 37. Nxc3 Rd3 38. Nxb5 axb4 39. Bxb4 Rb3 40. Bc3 Rxb5
41. Bxe5+ Rxe5 42. Rc3 Re1+ 43. Kh2 Re4 44. Rxf3 g5 45. Kg3 Ra4 46. h4 h6 47.
h5 Kg8 48. Rb3 Kg7 49. f3 Kf7 50. Kf2 Kf6 51. Ke3 Ke5 52. Kd3 Kd5 53. Kc2 Ke5
54. Rb5+ Ke6 55. Kb3 Rf4 56. Rb6+ Kd5 57. Rxh6 Rxf3+ 58. Kb4 Rf4+ 59. Kb5 Rxg4
60. Rg6 Rg1 61. h6 Rb1+ 62. Ka5 Rb8 63. Rxg5+ Kc4 64. Rg6 Rb5+ 65. Ka6 Rh5 66.
a4 Kb4 67. Rg4+ Kc5 68. Rg6 Kb4 69. a5 Rxa5+ 70. Kb6 Rh5 71. Kc6 Kc4 72. Kd6
Kd4 73. Ke6 Ke4 74. Kf7 Kf5 75. Kg7 Rh1 76. h7 Rh3 77. Rf6+ Ke5 78. Rh6 1-0

[Event "Senior DM 2018"]
[Site "Hvidovre"]
[Date "2018.02.17"]
[Round "5"]
[White "Grafmoller, Torben"]
[Black "Kopperberg, Steen"]
[Result "0-1"]
[WhiteElo "1883"]
[BlackElo "1874"]
[PlyCount "82"]
[EventDate "2018.02.12"]
[EventCountry "DEN"]

1. Nf3 d5 2. g3 Nf6 3. Bg2 c6 4. O-O Bf5 5. d3 e6 6. Nbd2 Nbd7 7. Qe1 Bg6 8. e4
dxe4 9. dxe4 Be7 10. Qe2 Qc7 11. b3 Bh5 12. Bb2 h6 13. h3 g5 14. g4 Bg6 15. c4
O-O-O 16. e5 Ne8 17. Ne4 Bxe4 18. Qxe4 Nc5 19. Qe3 Nd3 20. Bd4 Nf4 21. Rfd1 c5
22. Bc3 h5 23. Rd2 hxg4 24. hxg4 Ng7 25. Rad1 Rxd2 26. Rxd2 Rd8 27. Rxd8+ Qxd8
28. Nd2 Qd3 29. Qe4 Ne2+ 30. Kh2 Qxe4 31. Nxe4 Nc1 32. Bd2 Nxa2 33. Bxg5 Bxg5
34. Nxg5 Nc1 35. Nxf7 Nxb3 36. Nd6+ Kc7 37. Bxb7 a5 38. Be4 Nd2 39. f3 a4 40.
Kg3 Kb6 41. Bd3 a3 0-1

[Event "Senior DM 2018"]
[Site "Hvidovre"]
[Date "2018.02.16"]
[Round "6"]
[White "Stentebjerg Hansen, Per"]
[Black "Baliuniene, Margarita"]
[Result "0-1"]
[WhiteElo "2261"]
[BlackElo "1881"]
[PlyCount "102"]
[EventDate "2018.02.12"]
[EventCountry "DEN"]

1. d4 d5 2. c4 e6 3. Nc3 Nf6 4. cxd5 exd5 5. Bg5 Be7 6. e3 c6 7. Bd3 Nbd7 8. h3
Ne4 9. Bf4 Ndf6 10. Nge2 Bd6 11. Bxd6 Nxc3 12. bxc3 Qxd6 13. Ng3 O-O 14. O-O g6
15. Qf3 b6 16. Rfd1 Bb7 17. a4 Rac8 18. Rd2 c5 19. Qd1 c4 20. Bf1 h5 21. h4
Rfe8 22. Rb2 Ng4 23. Qe1 Qf6 24. Be2 Qxh4 25. Nf1 Rc6 26. Bxg4 hxg4 27. f4 Qe7
28. a5 Bc8 29. axb6 axb6 30. Rab1 Qc7 31. Qh4 Bf5 32. Re1 Qe7 33. Qh6 Re6 34.
g3 g5 35. Qh5 Qf6 36. fxg5 Qg7 37. Rb5 Rd8 38. Ra1 Qg6 39. Qh4 Kg7 40. Qh1 Be4
41. Qh6+ Qxh6 42. gxh6+ Rxh6 43. Nh2 Rdh8 44. Rb2 Rh3 45. Raa2 Rxg3+ 46. Kf1
Rxe3 47. Nxg4 Rxc3 48. Rxb6 Rh1+ 49. Kf2 Rf3+ 50. Ke2 Rf4 51. Nf2 Rxf2+ 0-1

[Event "Senior DM 2018"]
[Site "Hvidovre"]
[Date "2018.02.16"]
[Round "6"]
[White "Matras, Ove"]
[Black "Schultz Pedersen, Jesper"]
[Result "0-1"]
[WhiteElo "1781"]
[BlackElo "2068"]
[PlyCount "60"]
[EventDate "2018.02.12"]
[EventCountry "DEN"]

1. b3 e5 2. e3 Nf6 3. Bb2 d6 4. Nf3 Be7 5. Be2 O-O 6. d4 e4 7. Nfd2 c6 8. O-O
Bf5 9. f3 Nd5 10. Kf2 Bg5 11. f4 Re8 12. Nc4 Bh4+ 13. g3 b5 14. Nxd6 Qxd6 15.
gxh4 Qh6 16. h5 Bh3 17. Rg1 Nxf4 18. d5 f6 19. c4 Nxe2 20. Qxe2 bxc4 21. bxc4
Na6 22. Rg3 Bf5 23. Ba3 cxd5 24. cxd5 Rac8 25. Bd6 Nc5 26. Bf4 g5 27. hxg6
Qxh2+ 28. Ke1 Nd3+ 29. Kd1 Rc1+ 30. Kd2 Rc2+ 0-1

[Event "Senior DM 2018"]
[Site "Hvidovre"]
[Date "2018.02.16"]
[Round "6"]
[White "Johansen, Johnny Holler"]
[Black "Jorgensen, Orla Eilegaard"]
[Result "1-0"]
[WhiteElo "1904"]
[BlackElo "1580"]
[PlyCount "57"]
[EventDate "2018.02.12"]
[EventCountry "DEN"]

1. e4 b6 2. d4 Bb7 3. Nc3 e6 4. Nf3 Bb4 5. Bd3 Nf6 6. Qe2 Bxc3+ 7. bxc3 d5 8.
e5 Ne4 9. Bb2 c5 10. Nd2 Nxd2 11. Qxd2 c4 12. Be2 f6 13. f4 Nd7 14. O-O O-O 15.
Rae1 fxe5 16. fxe5 Qh4 17. Ba3 Rxf1+ 18. Rxf1 Nf8 19. Qe3 Ng6 20. Qf3 Kh8 21.
Qg4 Qxg4 22. Bxg4 Re8 23. Rf7 Bc8 24. Rxa7 Nf4 25. Rf7 Ng6 26. g3 Kg8 27. Rc7
Ba6 28. Rc6 Bc8 29. Rxc8 1-0

[Event "Senior DM 2018"]
[Site "Hvidovre"]
[Date "2018.02.16"]
[Round "6"]
[White "Kopperberg, Steen"]
[Black "Hansen, Lars Henrik Bech"]
[Result "1/2-1/2"]
[WhiteElo "1874"]
[BlackElo "1972"]
[PlyCount "40"]
[EventDate "2018.02.12"]
[EventCountry "DEN"]

1. d4 c5 2. c3 e6 3. Nf3 d5 4. Bf4 Nf6 5. e3 Nc6 6. Nbd2 Be7 7. Bd3 O-O 8. O-O
Qb6 9. Qb3 Qxb3 10. axb3 cxd4 11. exd4 Bd7 12. Ne5 Nxe5 13. Bxe5 Bc6 14. h3 Nd7
15. Bf4 a6 16. Nf3 Rfe8 17. Rfe1 Bf6 18. Ne5 Nxe5 19. Bxe5 Bxe5 20. Rxe5 h6
1/2-1/2

[Event "Senior DM 2018"]
[Site "Hvidovre"]
[Date "2018.02.16"]
[Round "6"]
[White "Rosenberg, Jan"]
[Black "Hein, Jacob"]
[Result "1-0"]
[WhiteElo "1852"]
[BlackElo "1447"]
[PlyCount "69"]
[EventDate "2018.02.12"]
[EventCountry "DEN"]

1. e4 e6 2. d4 d5 3. Nc3 Bb4 4. e5 Bxc3+ 5. bxc3 a6 6. Qg4 g6 7. h4 f5 8. exf6
Qxf6 9. Bd3 Nc6 10. Bg5 Qf8 11. Qe2 Qd6 12. h5 e5 13. hxg6 h5 14. g7 Rh6 15.
Bxh6 Qxh6 16. Qxh5+ Qxh5 17. Rxh5 e4 18. Be2 Be6 19. Nh3 Bf7 20. Rh8 O-O-O 21.
Ng5 Bg6 22. Bg4+ Kb8 23. Be6 Nce7 24. Kd2 c5 25. Rah1 cxd4 26. cxd4 Kc7 27.
Bxg8 Rxg8 28. Rxg8 Nxg8 29. Rh8 Nf6 30. g8=Q Nxg8 31. Rxg8 Bf5 32. Rg7+ Kb6 33.
Nf7 Ka5 34. Nd6 Bc8 35. Nxc8 1-0

[Event "Senior DM 2018"]
[Site "Hvidovre"]
[Date "2018.02.18"]
[Round "7"]
[White "Hansen, Lars Henrik Bech"]
[Black "Matras, Ove"]
[Result "1/2-1/2"]
[WhiteElo "1972"]
[BlackElo "1781"]
[PlyCount "126"]
[EventDate "2018.02.12"]
[EventCountry "DEN"]

1. e4 c6 2. d4 d5 3. exd5 cxd5 4. Bd3 Nc6 5. c3 g6 6. Nf3 Bf5 7. O-O Bg7 8. Re1
Qd7 9. Bf4 Nf6 10. Ne5 Nxe5 11. Bxe5 O-O 12. Na3 a6 13. Nc2 Bxd3 14. Qxd3 Qf5
15. Qxf5 gxf5 16. a4 Ne4 17. Bxg7 Kxg7 18. f3 Nd6 19. Rxe7 Kf6 20. Rae1 b5 21.
Nb4 bxa4 22. Nxd5+ Kg5 23. g3 Rab8 24. h4+ Kg6 25. R1e2 Nc4 26. Nf4+ Kh6 27.
Nd3 Rb3 28. Rc7 Nb6 29. Nc5 Rb5 30. Nxa6 f4 31. g4 Nd5 32. Rc5 Rxc5 33. Nxc5 a3
34. bxa3 Nxc3 35. Rd2 f5 36. Kg2 fxg4 37. fxg4 f3+ 38. Kf2 Rf4 39. a4 Rxg4 40.
Kxf3 Rxh4 41. Kg3 Rh5 42. Rh2 Rxh2 43. Kxh2 Kg6 44. Kg2 Kf6 45. Kf3 Kf5 46. a5
h5 47. a6 Nb5 48. Kg3 Kf6 49. Kh4 Ke7 50. Kxh5 Kd6 51. Kg5 Ke7 52. Kf4 Kd6 53.
Ke4 Na7 54. Kd3 Kd5 55. Ne4 Kc6 56. Kc4 Nc8 57. d5+ Kb6 58. Nc5 Nd6+ 59. Kd4
Nb5+ 60. Ke5 Kxc5 61. d6 Nxd6 62. a7 Nc4+ 63. Ke6 Nb6 1/2-1/2

[Event "Senior DM 2018"]
[Site "Hvidovre"]
[Date "2018.02.18"]
[Round "7"]
[White "Rosenberg, Jan"]
[Black "Grafmoller, Torben"]
[Result "1-0"]
[WhiteElo "1852"]
[BlackElo "1883"]
[PlyCount "61"]
[EventDate "2018.02.12"]
[EventCountry "DEN"]

1. d4 d5 2. Nf3 Nf6 3. Bf4 e6 4. e3 Nbd7 5. Nbd2 c5 6. c3 Be7 7. Bd3 O-O 8. h3
Qb6 9. Rb1 Re8 10. O-O h6 11. Ne5 Bd6 12. Qf3 cxd4 13. exd4 Bxe5 14. dxe5 Nh7
15. Qh5 Ndf8 16. Rfe1 Qd8 17. g4 g5 18. Be3 Kg7 19. f4 Ng6 20. Rf1 Rf8 21. fxg5
Qe8 22. gxh6+ Kg8 23. Bc5 Ne7 24. Qh4 Ng6 25. Bxg6 fxg6 26. Rxf8+ Nxf8 27. Qf6
Qf7 28. Rf1 Qxf6 29. exf6 Kf7 30. Bxf8 Kxf8 31. h7 1-0

[Event "Senior DM 2018"]
[Site "Hvidovre"]
[Date "2018.02.18"]
[Round "7"]
[White "Hein, Jacob"]
[Black "Kopperberg, Steen"]
[Result "0-1"]
[WhiteElo "1447"]
[BlackElo "1874"]
[PlyCount "84"]
[EventDate "2018.02.12"]
[EventCountry "DEN"]

1. d4 d5 2. Bf4 Nf6 3. c3 c6 4. Na3 e6 5. Nc2 Nbd7 6. e3 Be7 7. Bd3 c5 8. dxc5
Nxc5 9. Nf3 Nxd3+ 10. Qxd3 O-O 11. Ng5 Bd6 12. Bg3 Re8 13. O-O-O h6 14. h4 Bxg3
15. fxg3 hxg5 16. hxg5 Ne4 17. Qxe4 dxe4 18. Rxd8 Rxd8 19. Nd4 e5 20. Nc2 Bf5
21. Na3 Rd3 22. Re1 Rad8 23. Nc4 R8d5 24. a4 Bg4 25. a5 Rd1+ 26. Rxd1 Rxd1+ 27.
Kc2 Rg1 28. Nxe5 Rxg2+ 29. Kb3 Be6+ 30. Kb4 Rxb2+ 31. Kc5 Ra2 32. Kd4 Rxa5 33.
Kxe4 Rc5 34. Kd4 b6 35. g6 f6 36. Nf3 a5 37. Ne1 a4 38. Nc2 Rg5 39. c4 Rxg3 40.
Kc3 Bf5 41. Nd4 Rxe3+ 42. Kb2 Bxg6 0-1